000 00494 a2200181 4500
001 065772
003 OSt
005 20210903154052.0
008
082 _a368.32
_bI7L
100 1 _aMadhyastha, P.S.
245 1 _aLegal aspects of life assurance IC-24
_cby P.S. Madhtastha and M.G. Diwan
260 _aMumbai
_bInsurance Institute of India
_c2008
300 _a247p.
690 _aStatistics; Life Assurance
700 _aDiwan, M.G.
942 _2ddc
_cBK
999 _c122
_d122